[Event "GER-chT Nord-Ost U20 U20 1112"]
[Site "Germany"]
[Date "2011.09.24"]
[Round "1.2"]
[White "Paris, Grigori"]
[Black "Nguyen, Manh Hoang"]
[Result "1-0"]
[WhiteElo "1969"]
[BlackElo "1613"]
[PlyCount "104"]
[EventDate "2011.09.24"]
[EventType "team-tourn"]
[EventRounds "9"]
[EventCountry "GER"]
[SourceTitle "EXT 2015"]
[Source "ChessBase"]
[SourceDate "2014.11.20"]
[SourceVersion "1"]
[SourceVersionDate "2014.11.20"]
[SourceQuality "1"]

1. e4 e5 2. Nf3 Nc6 3. Bb5 a6 4. Bxc6 dxc6 5. Nc3 Bg4 6. h3 Bh5 7. g4 Bg6 8. Nxe5 Bc5 9. Nxg6 hxg6 10. d3 Qh4 11. d4 0-0-0 12. Be3 Nf6 13. Qf3 Bxd4 14. Bxd4 Rxd4 15. Rd1 Rxd1+ 16. Nxd1 Nxg4 17. Qxf7 Qf6 18. Qxf6 gxf6 19. f4 Nh6 20. Rg1 Rg8 21. Nf2 g5 22. Ke2 Kd7 23. Kf3 Ke7 24. Nd3 Nf7 25. h4 a5 26. e5 fxe5 27. fxg5 Ke6 28. Nc5+ Kf5 29. Nxb7 Rb8 30. Nxa5 Rxb2 31. g6 Nh6 32. Nxc6 Kf6 33. Rg2 Rb6 34. Na5 Kg7 35. Nc4 Re6 36. Ke4 Ra6 37. Nxe5 Ra4+ 38. Kd5 Rxh4 39. c4 Nf5 40. Rf2 Ne3+ 41. Kc5 Re4 42. Rf7+ Kg8 43. Re7 Nxc4 44. Kd5 Nd2 45. Rxc7 Ra4 46. Nd7 Ra6 47. Rc2 Nf3 48. Rg2 Nh4 49. Rg4 Nf5 50. Ke5 Ng7 51. a4 Ra5+ 52. Kd6 Ra6+ 1-0

[Event "Berlin-ch qualification"]
[Site "Berlin-Lichtenrade"]
[Date "2011.04.30"]
[Round "8.4"]
[White "Paris, Grigori"]
[Black "Fehrmann, Gregor"]
[Result "1-0"]
[WhiteElo "1946"]
[BlackElo "2016"]
[PlyCount "55"]
[EventDate "2011.04.23"]
[EventType "swiss"]
[EventRounds "9"]
[EventCountry "GER"]
[SourceTitle "EXT 2022"]
[Source "ChessBase"]
[SourceDate "2021.10.06"]
[SourceVersion "1"]
[SourceVersionDate "2021.10.06"]
[SourceQuality "1"]

1. e4 c5 2. Nf3 d6 3. d4 cxd4 4. Nxd4 Nf6 5. Nc3 g6 6. Be3 Bg7 7. Bc4 a6 8. f3 Nbd7 9. Qd2 Qc7 10. Bb3 h6 11. a4 b6 12. 0-0 Bb7 13. Nd5 Bxd5 14. exd5 Rc8 15. Nc6 Nb8 16. a5 b5 17. Na7 Nbd7 18. Nxc8 Qxc8 19. Rac1 Nc5 20. Ba2 h5 21. b4 Na4 22. c4 Qb7 23. cxb5 axb5 24. Rc6 0-0 25. Rfc1 Qa8 26. Qc2 Nc3 27. Rxc3 Nxd5 28. Bxd5 1-0

[Event "Berlin-ch qualification"]
[Site "Berlin-Lichtenrade"]
[Date "2011.04.26"]
[Round "4.12"]
[White "Stoeckel, Johannes"]
[Black "Paris, Grigori"]
[Result "1/2-1/2"]
[WhiteElo "1577"]
[BlackElo "1946"]
[PlyCount "72"]
[EventDate "2011.04.23"]
[EventType "swiss"]
[EventRounds "9"]
[EventCountry "GER"]
[SourceTitle "EXT 2022"]
[Source "ChessBase"]
[SourceDate "2021.10.06"]
[SourceVersion "1"]
[SourceVersionDate "2021.10.06"]
[SourceQuality "1"]

1. Nf3 d5 2. c4 e6 3. g3 Nf6 4. Bg2 Be7 5. 0-0 0-0 6. cxd5 exd5 7. d4 c6 8. Bg5 Nbd7 9. Nbd2 h6 10. Bxf6 Nxf6 11. Ne5 Qb6 12. Nb3 a5 13. Qc2 a4 14. Nc5 Ra5 15. Rfc1 Re8 16. f3 Bxc5 17. dxc5 Qb5 18. Nd3 Bf5 19. Rab1 Rxe2 20. Qxe2 Bxd3 21. Qd2 Bxb1 22. Bf1 Qxc5+ 23. Rxc5 Rxc5 24. Bd3 Bxd3 25. Qxd3 b5 26. Qf5 Kf8 27. a3 Rc4 28. Kf2 d4 29. Ke2 Rc1 30. h4 c5 31. Kd2 Rc4 32. Qc8+ Ne8 33. Qc6 Ke7 34. Qb7+ Ke6 35. Qc8+ Ke7 36. Qb7+ Ke6 1/2-1/2

[Event "Berlin qualification op"]
[Site "Berlin"]
[Date "2010.04.08"]
[Round "6"]
[White "Paris, Grigori"]
[Black "Schirrmacher, Carsten"]
[Result "0-1"]
[WhiteElo "1950"]
[BlackElo "2059"]
[PlyCount "120"]
[EventDate "2010.04.03"]
[EventType "swiss"]
[EventRounds "9"]
[EventCountry "GER"]
[SourceTitle "EXT 2012"]
[Source "ChessBase"]
[SourceDate "2011.11.24"]
[SourceVersion "1"]
[SourceVersionDate "2011.11.24"]
[SourceQuality "1"]

1. e4 e5 2. Nf3 Nc6 3. Bb5 Nf6 4. 0-0 Nxe4 5. Re1 Nd6 6. Bxc6 dxc6 7. Nxe5 Be7 8. Qe2 Be6 9. Nc3 Nf5 10. Nf3 0-0 11. d3 c5 12. Ne4 Nd4 13. Nxd4 cxd4 14. c4 dxc3 15. bxc3 Re8 16. Be3 b6 17. Qd2 Bf5 18. Rad1 Qd5 19. Ng3 Bg4 20. f3 Be6 21. a4 Rad8 22. Bf4 c6 23. d4 c5 24. Be3 Qc6 25. Ra1 cxd4 26. Bxd4 Bc5 27. Qf2 Bxd4 28. cxd4 Qd7 29. Re4 f5 30. Re5 g6 31. Ne2 Bc4 32. Rxe8+ Rxe8 33. Nc3 Rd8 34. d5 Qg7 35. Qd2 Rxd5 36. Qe1 Qd4+ 37. Kh1 Re5 38. Qc1 a6 39. h3 Re3 40. Nd5 Bxd5 41. Qc8+ Kg7 42. Rc1 Bf7 43. Qxa6 Qb2 44. Qc8 Re2 45. Rg1 Qd4 46. Qc6 Ra2 47. Rb1 Rxa4 48. Qxb6 Qxb6 49. Rxb6 f4 50. h4 Ra5 51. Kh2 Kh6 52. g3 fxg3+ 53. Kxg3 Rf5 54. Ra6 Bd5 55. f4 Bf7 56. Ra7 Kg7 57. Rc7 Kf6 58. Ra7 Rb5 59. Ra6+ Be6 60. Ra3 Rb3+ 0-1

[Event "Berlin qualification op"]
[Site "Berlin"]
[Date "2010.04.05"]
[Round "3"]
[White "Bieg, Pascal"]
[Black "Paris, Grigori"]
[Result "0-1"]
[WhiteElo "1459"]
[BlackElo "1950"]
[PlyCount "90"]
[EventDate "2010.04.03"]
[EventType "swiss"]
[EventRounds "9"]
[EventCountry "GER"]
[SourceTitle "EXT 2012"]
[Source "ChessBase"]
[SourceDate "2011.11.24"]
[SourceVersion "1"]
[SourceVersionDate "2011.11.24"]
[SourceQuality "1"]

1. d4 d5 2. c4 e6 3. Nc3 c6 4. Nf3 Bd6 5. Qc2 f5 6. Bg5 Nf6 7. e3 h6 8. Bf4 Bxf4 9. exf4 0-0 10. c5 Nbd7 11. a3 b6 12. Na4 Ne4 13. cxb6 Nxb6 14. Ne5 Nxa4 15. Qxa4 Qb6 16. Rb1 Nc3 17. bxc3 Qxb1+ 18. Qd1 Qe4+ 19. Be2 Ba6 20. f3 Bxe2 21. Qxe2 Qb1+ 22. Qd1 Rab8 23. 0-0 Qxd1 24. Rxd1 Rb3 25. Nxc6 Rxc3 26. Nxa7 Rb8 27. a4 Ra3 28. Nc6 Rb2 29. a5 Raa2 30. Re1 Rxg2+ 31. Kh1 Rxh2+ 32. Kg1 Rag2+ 33. Kf1 Rh1+ 34. Kxg2 Rxe1 35. a6 Ra1 36. a7 Kf8 37. Kg3 Ke8 38. Kh4 Kd7 39. Ne5+ Kc8 40. Kh5 Rxa7 41. Kg6 Ra4 42. Kxg7 h5 43. Kf6 h4 44. Kxe6 h3 45. Nd3 h2 0-1

[Event "Berlin-ch U18 final"]
[Site "Berlin"]
[Date "2010.02.07"]
[Round "7.3"]
[White "Paris, Grigori"]
[Black "Hintze, Emanuel"]
[Result "1-0"]
[WhiteElo "1812"]
[BlackElo "1476"]
[PlyCount "59"]
[EventDate "2010.02.01"]
[EventType "swiss"]
[EventRounds "7"]
[EventCountry "GER"]
[SourceTitle "EXT 2022"]
[Source "ChessBase"]
[SourceDate "2021.10.06"]
[SourceVersion "1"]
[SourceVersionDate "2021.10.06"]
[SourceQuality "1"]

1. e4 c5 2. Nf3 Nc6 3. d4 cxd4 4. Nxd4 g6 5. c4 Bg7 6. Be3 d6 7. Nc3 Nf6 8. Be2 0-0 9. 0-0 Bd7 10. Rc1 a6 11. Qd2 Rc8 12. b3 Ng4 13. Bxg4 Bxg4 14. f3 Bxd4 15. Bxd4 Nxd4 16. Qxd4 Bd7 17. Nd5 Be6 18. Nc3 Bd7 19. Rfd1 Qa5 20. e5 Qc5 21. Qxc5 Rxc5 22. exd6 e6 23. Ne4 Rf5 24. b4 Rd8 25. Rd4 Kg7 26. Kf2 Bc6 27. Ng3 Rf6 28. c5 e5 29. Rg4 Bd7 30. Nh5+ 1-0